Countries by Third Largest City 3 - Statistics

General Stats
  • This quiz has been taken 34 times
  • The average score is 9 of 16
Answer Stats
City Country % Correct
Naples Italy
97%
Kolkata India
93%
Basel Switzerland
93%
Faisalabad Pakistan
86%
Tangier Morocco
83%
Kano Nigeria
83%
Cali Colombia
79%
Naypyidaw Myanmar
79%
Mogilev Belarus
48%
Umm Salal Mohammed Qatar
41%
Ipoh Malaysia
34%
Alajuela Costa Rica
31%
Kisumu Kenya
31%
Kumanovo North Macedonia
17%
Arawa Papua New Guinea
17%
Delmas Haiti
7%
No matching quizzes found
Score Distribution
Percent of People with Each Score
Percentile by Number Answered
Your Score History
You have not taken this quiz